Martin's Physical pharmacy and pharmaceutical science (Record no. 2219)

MARC details
000 -LEADER
fixed length control field 00615nam a22002177a 4500
003 - CONTROL NUMBER IDENTIFIER
control field OSt
005 - DATE AND TIME OF LATEST TRANSACTION
control field 20150903143700.0
008 - FIXED-LENGTH DATA ELEMENTS--GENERAL INFORMATION
fixed length control field 150903b xxu||||| |||| 00| 0 eng d
020 ## - INTERNATIONAL STANDARD BOOK NUMBER
International Standard Book Number 9781609134020
040 ## - CATALOGING SOURCE
Transcribing agency DNLM
082 ## - DEWEY DECIMAL CLASSIFICATION NUMBER
Classification number QV744 M363p 2011
100 ## - MAIN ENTRY--PERSONAL NAME
Personal name Sinko, Patrick J.
9 (RLIN) 2924
245 ## - TITLE STATEMENT
Title Martin's Physical pharmacy and pharmaceutical science
250 ## - EDITION STATEMENT
Edition statement 6th ed.
260 ## - PUBLICATION, DISTRIBUTION, ETC. (IMPRINT)
Place of publication, distribution, etc. Philadelphia;
Name of publisher, distributor, etc. Wolters kluwer,
Date of publication, distribution, etc. 2011
300 ## - PHYSICAL DESCRIPTION
Extent viii,659p;
Other physical details col.ill:
Dimensions 28.5cm
504 ## - BIBLIOGRAPHY, ETC. NOTE
Bibliography, etc References, & index included
650 ## - SUBJECT ADDED ENTRY--TOPICAL TERM
Topical term or geographic name as entry element Physical pharmacy
9 (RLIN) 5649
651 ## - SUBJECT ADDED ENTRY--GEOGRAPHIC NAME
Geographic name Pharmaceutics
9 (RLIN) 5650
942 ## - ADDED ENTRY ELEMENTS (KOHA)
Source of classification or shelving scheme Other/Generic Classification Scheme
Koha item type Open Shelf
Holdings
Withdrawn status Lost status Source of classification or shelving scheme Damaged status Not for loan Home library Current library Date acquired Source of acquisition Inventory number Total Checkouts Full call number Barcode Date last seen Date last checked out Koha item type Checked out
    Other/Generic Classification Scheme     MUST Main Library MUST Main Library 03/09/2015   15/39127 4 QV744 M363p 2011 2015-2194 16/05/2024 08/05/2024 Open Shelf  
    Other/Generic Classification Scheme     MUST Main Library MUST Main Library 30/05/2016   08/29626   QV744 M363p 2011 2016-2238 30/05/2016   Open Shelf  
    Other/Generic Classification Scheme     MUST Main Library MUST Main Library 30/05/2016   08/29627   QV744 M363p 2011 2016-2239 30/05/2016   Open Shelf  
    Other/Generic Classification Scheme     MUST Main Library MUST Main Library 29/06/2016   14/37897 1 QV744 M363p 2011 2016-2861 28/03/2017 28/03/2017 Open Shelf 11/04/2017
    Other/Generic Classification Scheme     Pharmacy Department Library Pharmacy Department Library 22/03/2017   11/00013   QV744 M363p 2011 2017-0481 22/03/2017   Short Loan  
    Other/Generic Classification Scheme     Pharmacy Department Library Pharmacy Department Library 22/03/2017   11/00014   QV744 M363p 2011 2017-0482 22/03/2017   Open Shelf  
    Other/Generic Classification Scheme     Pharmacy Department Library Pharmacy Department Library 22/03/2017   11/00058   QV744 M363p 2011 2017-0483 22/03/2017   Short Loan